LEADER 01043nam a2200253 u 4500 001 000000090353 003 CaOOAMICUS 005 20070226124720.0 008 051212s1950 it u000 u ita u 035 $a11072174 040 $aPUL(R)$bita 100 1 $aDalla Torre, Giuseppe,$cconte,$d1885-1967.$0(OLS)http://pul/name/13612 245 13$aLo scambio delle parti /$cGiuseppe Dalla Torre. 260 $aRoma :$bEdizioni di presenza,$c1950. 300 $a88 p. ;$c20 cm 490 1 $aIl tempo ;$v2 650 4$aCapitalismo e Cristianesimo.$0(OLS)http://pul/subject/21759 650 4$aGuerra$xAspetti morali e religiosi.$0(OLS)http://pul/subject/13342 830 3$aIl tempo ;$v2.$0(OLS)http://pul/title/116706 850 $aPUL 852 $aPUL$W1$xDP1 Fondo Pastorale$y55$mP18 G 14$j114035$nBK-PRI$b $qFondi$B114035$CPULBib$Z2$F114035 $HPUL2865 $81 941 1 $a1 996 $6245$aLo scambio delle parti$9(OLS)http://pul/title/116705 996 $6260$aRoma :$bEdizioni di presenza$9(OLS)http://pul/publisher/77863 LEADER 01767nam a2200325 u 4500 001 000000053809 003 CaOOAMICUS 005 20070226115612.0 008 001122s1968 it u000 u ita u 035 $a10862063 040 $aPUL(R)$bita 111 2 $aCongresso regionale di filosofia$d(1968 :$n3 :$cMilazzo).$0(OLS)http://pul/name/38300 245 10$aAtti del III Congresso Regionale di filosofia :$bMichele Federico Sciacca e la filosofia dell'integralità: relazioni ed interventi /$ca cura di Giuseppe Pellegrino e Ferruccio Deschet. 246 30$aMichele Federico Sciacca e la filosofia dell'integrità 260 $aMilazzo :$bEdizioni Spes,$c1968. 300 $a233 p. ;$c23 cm 504 $aNote bibliografiche. 600 14$aSciacca, Michele Federico,$d1908-1975.$0(OLS)http://pul/subject/5075 650 4$aFilosofia$xCongressi.$0(OLS)http://pul/subject/8496 700 1 $aPellegrino, Giuseppe.$0(OLS)http://pul/name/30354 710 1 $aDeschet, Ferruccio.$0(OLS)http://pul/name/38301 850 $aPUL 852 $aPUL$W1$xDP1 Fondo Giannini$y60$m1555 D 35$j70929$nBK-PRI$b $qFondi$B70929$CPULBib$Z2$F70929 $H $81 852 $aPUL$W1$xDP1 Fondo Giannini$y60$m1558 D 27$j70930$nBK-PRI$b $qFondi$B70930$CPULBib$Z2$F70930 $H $81 941 1 $a1 961 $aINV: Fondo Giannini 961 $aINV: Fondo Giannini 996 $6245$aAtti del III Congresso Regionale di filosofia :$bMichele Federico Sciacca e la filosofia dell'integralità: relazioni ed interventi$9(OLS)http://pul/title/72162 996 $6246$aMichele Federico Sciacca e la filosofia dell'integrità$9(OLS)http://pul/title/72163 996 $6260$aMilazzo :$bEdizioni Spes$9(OLS)http://pul/publisher/62124